00469 2200193 4500001002100000005001500021035002000036008004100056245004600097100001900143250000600162260003600168300001100204084001400215082000800229650001400237990001200251990001200263INLIS00000000000037520240430020534 a0010-0424000351240430 0 ind 1 aMengulas Novel Indonesia /cUti Darmawati aDarmawati, Uti a1 aKlaten :bIntan Pariwara,c2015 a60 hlm a410 UTI m a410 4aNon Fiksi a0728587 a0728588